1324 1264 1664 1477 1183 1553 1999 1566 1302 1526 1710 1464 1061 1539 1076 1258 1667 1476 1098 1792 1230 1085 1856 1433 1482 1735 1589 1159 1990 1955 1344 1466 1735 1341 1897 1114 1477 1356 1851 1491 1750 1525 1425 1989 1382 1481 1155 1737 1891 1723 1210 1915 1035 1021 1060 1219 1739 1147 1428 1578 1078 1537 1006 1123 1352 1683 1683 1250 1868 1605 1785 1738 1568 1687 1021 1807 1324 1334 1617 1226 1304 1532 1507 1706 1054 1303 1135 1362 1926 1699 1314 1047 1849 1968 1840 1435 1103 1131 1749 BCNSPRNW ULIB Ver.6.0+V

เปลี่ยนเป็นภาษาไทย

Change to English
 แสดงรายละเอียดบรรณานุกรม
  กลับหน้าหลัก

Brief Record : Get Marc (ISO 2709) : E-mail record : QR code < ปิดหน้าต่าง
LEADER : 00000nam 2200000uu 4500
001    13399122141
003     ULIB
008    130104s2555||||th 000 0 tha d
020    ^a9789743652158
060  4 ^aWS100^bก721 ล.1
110 1  ^aคณะแพทยศาสตร์ มหาวิทยาลัยศรีนครินทรวิโรฒ
245 00 ^aกุมารเวชศาสตร์ 1 /^cบรรณาธิการโดย สมบูรณ์ จันทร์สกุลพร, อรุชา ตรีศิริโชติ, ชนาธิป ลือวิเศษไพบูลย์, โอฬาร พรหมาลิขิต, เกศรา อัศดามงคล และไพโรจน์ จงบัญญัติเจริญ
260    ^aกรุงเทพฯ:^bนพชัยการพิมพ์,^c2555
300    ^a578 หน้า:^bภาพประกอบ,^c26 ซม
650  7 ^aกุมารเวชศาสตร์
650  7 ^aพัฒนาการเด็ก
650  7 ^aโภชนการเด็ก
650  7 ^aทารกแรกเกิด
650  7 ^aสารน้ำในเด็ก
700 0  ^aอรุชา ตรีศิริโชติ,^eบรรณาธิการ
700 0  ^aชนาธิป ลือวิเศษไพบูลย์,^eบรรณาธิการ
700 0  ^aชนาธิป ลือวิเศษไพบูลย์,^eบรรณาธิการ
700 0  ^aโอฬาร พรหมาลิขิต,^eบรรณาธิการ
700 0  ^a เกศรา อัศดามงคล,^eบรรณาธิการ
700 0  ^aไพโรจน์ จงบัญญัติเจริญ,^eบรรณาธิการ
945    ^p400^l0^i19577
995    ^aกัณชพร
999    ^aใช้งานได้ทุกระบบ
รายการนี้ยังไม่มีแท็ก
คุณยังไม่ได้ล็อกอิน คุณสามารถมีกิจกรรมร่วมกับเว็บไซต์ได้ แต่ต้องล็อกอินก่อน ::
  ล็อกอิน

รายการสื่อสารสนเทศ

ลำดับที่ ประเภท เลขเรียก/บาร์โค้ด สถานที่ สถานะ
1. วิทยาศาสตร์การแพทย์ และสุขภาพ
วิทยาศาสตร์การแพทย์ และสุขภาพ
WS100 ก721 ล.1  
  Barcode: 19577
ห้องสมุดวิทยาเขตนครสวรรค์
►ส่วนจัดเก็บหนังสือเก่า นว.
บนชั้น
  ขอยืม

รายการใกล้เคียง
    หัวเรื่อง [กุมารเวชศาสตร์]
    หัวเรื่อง [พัฒนาการเด็ก]
    หัวเรื่อง [โภชนการเด็ก]
    หัวเรื่อง [ทารกแรกเกิด]
    หัวเรื่อง [สารน้ำในเด็ก]

BibComment


ยังไม่เคยถูกคอมเมนท์

คอมเมนท์ทรัพยากรรายการนี้
  คอมเมนท์: กุมารเวชศาสตร์ 1..


 Copyright 2026. Bcnsprnw @Library